Statistics for Name The Poet

Click here to take the quiz!

General Stats

  • This quiz has been taken 422 times
  • The average score is 5 of 15

Answer Stats

HintAnswer% Correct
Shall I compare thee to a summer's day?William Shakespeare
95%
I wander'd lonely as a cloudWilliam Wordsworth
64%
Should auld acquaintance be forgot,Robert Burns
55%
How do I love thee? Let me count the ways,Elizabeth Barrett Browning
52%
Twas brillig and the slithy tovesLewis Carroll
50%
Of Man's first disobedience, and the fruit Of that forbidden tree,John Milton
48%
And did those feet in ancient timeWilliam Blake
44%
An old, mad, blind, despised, and dying king;Percy Bysshe Shelley
43%
If you can keep your head when all about you, Are losing theirs and blaming it on you,Rudyard Kipling
42%
As virtuous men pass mildly away,John Donne
18%
Hurt no living thing,Christina Rossetti
10%
'Tis moonlight, summer moonlight,Emily Bronte
10%
When I was sick and lay a-bed,Robert Louis Stevenson
9%
Thou ill-formed offspring of my feeble brain,Anne Bradstreet
3%
Small round hard stones click under my heels,Tatamkhulu Afrika
1%

Score Distribution

Percentile by Number Answered

Percent of People with Each Score

Your Score History

You have not taken this quiz